000 00442nam a2200181Ia 4500
008 240925s9999 xx 000 0 und d
020 _aNA
082 _a297.1226 KAS
100 _aKaseer, Ibne H.E.A
245 0 _aTafseer Ibn-e-Kaseer
250 _aNA
260 _aLahore:
_bHudaibia publ
_c,1999.
300 _axxv,693p.
_bIV
_fPirated
500 _aNA
600 _aHumanities & Natural Science
650 _aReligion
942 _cBK
999 _c8609
_d8609